000 00562nam a22001817a 4500
005 20170505123853.0
010 _aENG-117928
020 _a9789382623366
_c700.00
035 _aEN-101460
037 _bDBAD/PUB
082 _a660.2
100 _aDas, Arabinda Kumar
245 _aElements of green chemistry laboratory with experiments /
_cby Arabinda Kumar Das
260 _aKolkata
_bReaders Service
_c2014
270 _a59/5A, Garfa Main Road
_bKolkata
_e700075
300 _axiv,290p. :
_c22cm (Hb)
_bill
942 _2ddc
_cEN
_h660.2
_mDAS
999 _c139203
_d139203